[Event "Idaho Closed"]
[Site "Twin Falls, ID"]
[Date "2014.02.16"]
[Round "3.11"]
[White "Nathan, Jacob Ari"]
[Black "Pemsler, Alise Byer"]
[Result "1-0"]
[WhiteElo "1244"]
[BlackElo "539"]
[EventRounds "6"]
[EventCountry "USA"]

1. e4 e5 2. Nf3 Nc6 3. d4 Nf6 4. Bg5 Bb4+ 5. Nbd2 d6 6. d5 Ne7 7. c3 Bc5 8. h3
O-O 9. Bxf6 gxf6 10. Bd3 c6 11. Bc4 Qb6 12. O-O f5 13. b4 fxe4 14. Nxe4 cxd5
15. bxc5 Qb2 16. Nf6+ Kg7 17. Nxd5 Be6 18. Ng5 Bf5 19. Nxe7 Rfe8 20. Nxf5+ Kg6
21. Qg4 h5 22. Nh4+ Kg7 23. Qxh5 Rh8 24. Qxf7+ Kh6 25. Qg6# 1-0

[Event "Idaho Closed"]
[Site "Twin Falls, ID"]
[Date "2014.02.16"]
[Round "4.12"]
[White "Pemsler, Alise Byer"]
[Black "Crowson, Keegan D"]
[Result "1-0"]
[WhiteElo "539"]
[BlackElo "521"]
[EventRounds "6"]
[EventCountry "USA"]

1. d4 e6 2. Bf4 d5 3. Nf3 c5 4. c3 Nc6 5. e3 g6 6. Bd3 Bg7 7. Nbd2 Nh6 8. O-O
cxd4 9. Bg5 f6 10. Bh4 Ne5 11. Bb5+ Bd7 12. a4 Qc7 13. Bg3 dxc3 14. bxc3 Bxb5
15. axb5 Qxc3 16. Rc1 Qb4 17. Rc7 O-O 18. Rxb7 Rfb8 19. Rc7 Rxb5 20. Ne4 Nxf3+
21. gxf3 dxe4 22. Qd7 Nf5 23. Rfc1 Rd5 24. Qf7+ Kh8 25. Rc8+ Rxc8 26. Rxc8+
Qf8 27. Rxf8+ Bxf8 28. Qxf8# 1-0

[Event "Idaho Closed"]
[Site "Twin Falls, ID"]
[Date "2014.02.17"]
[Round "5.6"]
[White "Pemsler, Carmen"]
[Black "Patterson, Kevin R"]
[Result "1-0"]
[WhiteElo "1561"]
[BlackElo "1222"]
[EventRounds "6"]
[EventCountry "USA"]

1. c4 e5 2. Nc3 Bb4 3. e3 Bxc3 4. bxc3 Nc6 5. Ne2 b6 6. g3 Bb7 7. Bg2 Rb8 8.
d3 Nf6 9. O-O O-O 10. e4 d6 11. f4 exf4 12. Bxf4 Ne7 13. Bg5 Ng4 14. Nd4 Ne5
15. Nf5 N5g6 16. Nxg7 Kxg7 17. Bf6+ Kg8 18. Qh5 {#r} 1-0

[Event "Western Idaho Open"]
[Site "Boise, ID"]
[Date "2014.12.13"]
[Round "1.110"]
[White "Pemsler, Carmen"]
[Black "Siek, Justin"]
[Result "1-0"]
[WhiteElo "1610"]
[BlackElo "925"]
[EventRounds "5"]
[EventCountry "USA"]

1. d4 d5 2. c4 c6 3. Nf3 Nf6 4. Nc3 Bf5 5. Bf4 e6 6. e3 Nbd7 7. a3 Be7 8. Bd3
Be4 9. O-O O-O 10. cxd5 exd5 11. Bxe4 dxe4 12. Nd2 Nd5 13. Ndxe4 Nxf4 14. exf4
Nf6 15. Rb1 Re8 16. Ng5 h6 17. Nf3 Bd6 18. Ne5 Nd7 19. Qb3 Bxe5 20. dxe5 Qb6
21. Qxb6 Nxb6 22. Rfd1 Rad8 23. b3 Nd5 24. Nxd5 cxd5 25. g3 d4 26. Rb2 Rd7 27.
Rbd2 Red8 28. b4 Kh7 29. f5 g6 30. e6 fxe6 31. fxe6 Re7 32. Rxd4 Rxd4 33. Rxd4
Rxe6 34. Rd7+ Kg8 35. Rxb7 Ra6 36. b5 Rxa3 37. b6 axb6 38. Rxb6 Kg7 39. Kg2 h5
40. h3 Kh6 41. Re6 Ra2 42. Rb6 Rc2 43. Rb4 Ra2 44. h4 Rc2 45. Re4 Ra2 46. Kf3
Ra3+ 47. Re3 Rxe3+ 48. fxe3 Kg7 49. Kf4 Kf6 50. e4 Ke6 51. Kg5 Ke5 52. Kxg6
Kxe4 53. Kxh5 Kf5 54. g4+ Kf6 55. g5+ Kg7 56. g6 Kg8 57. Kh6 Kh8 58. g7+ Kg8
59. h5 Kf7 60. Kh7 Kf6 61. g8=Q Ke7 62. Qg6 Kd7 63. Qf6 Ke8 64. Qg7 Kd8 65.
Kg6 Ke8 66. h6 Kd8 67. h7 Ke8 68. h8=R# 1-0

[Event "Western Idaho Open"]
[Site "Boise, ID"]
[Date "2014.12.13"]
[Round "3.103"]
[White "Kircher, Caleb Paul"]
[Black "Pemsler, Carmen"]
[Result "0-1"]
[WhiteElo "1882"]
[BlackElo "1610"]
[EventRounds "5"]
[EventCountry "USA"]

1. b3 d5 2. Bb2 Nf6 3. e3 Bf5 4. Nf3 Nbd7 5. c4 e6 6. Nh4 Bg6 7. Nxg6 hxg6 8.
Qc2 Bd6 9. g3 c6 10. Bg2 e5 11. d3 Qa5+ 12. Bc3 Bb4 13. O-O Bxc3 14. Nxc3 Rc8
15. a3 Qd8 16. Qe2 Nf8 17. f4 exf4 18. exf4+ Ne6 19. Rad1 Qb6+ 20. Kh1 Qxb3
21. cxd5 cxd5 22. Rb1 Qxc3 23. Rfc1 Qxc1+ 24. Rxc1 Rxc1+ 25. Bf1 O-O 26. Kg2
Rfc8 27. Kh3 R8c2 28. Qf3 g5 29. g4 Nxf4+ 30. Kg3 Ne4+ {#R} 0-1

[Event "Western Idaho Open"]
[Site "Boise, ID"]
[Date "2014.12.14"]
[Round "4.102"]
[White "Pemsler, Carmen"]
[Black "Woro, Eric"]
[Result "1/2-1/2"]
[WhiteElo "1610"]
[BlackElo "1761"]
[EventRounds "5"]
[EventCountry "USA"]

1. d4 Nf6 2. c4 e6 3. Nc3 Bb4 4. Qc2 Nc6 5. Nf3 d6 6. Bg5 h6 7. Bf4 O-O 8. e3
Qe7 9. Be2 e5 10. dxe5 dxe5 11. Bg3 Bxc3+ 12. Qxc3 Ne4 13. Qb3 Nxg3 14. hxg3
a5 15. a3 a4 16. Qc3 Rd8 17. O-O b6 18. Rad1 Bf5 19. Ne1 Na5 20. Nd3 Bxd3 21.
Bxd3 e4 22. Bc2 Nb7 23. Rxd8+ Rxd8 24. Bxa4 Rd3 25. Qc1 Nc5 26. Bc2 Rd6 27.
Rd1 {#d} 1/2-1/2

[Event "Western Idaho Open"]
[Site "Boise, ID"]
[Date "2014.12.14"]
[Round "5.102"]
[White "Pitre, H G."]
[Black "Pemsler, Carmen"]
[Result "1/2-1/2"]
[WhiteElo "1879"]
[BlackElo "1610"]
[EventRounds "5"]
[EventCountry "USA"]

1. c4 e5 2. Nc3 Nf6 3. g3 Nc6 4. Bg2 Bc5 5. e3 d6 6. a3 O-O 7. b4 Bb6 8. Nge2
Ne7 9. O-O c6 10. Bb2 Be6 11. d3 Qd7 12. Qd2 Bh3 13. Ne4 Nxe4 14. dxe4 Bxg2
15. Kxg2 Qe6 16. Rac1 Rfd8 17. Qc3 Qg6 18. f3 f5 19. c5 Bc7 20. Qc4+ Kh8 21.
Rcd1 d5 22. exd5 Nxd5 23. Qb3 f4 24. Rxd5 Rxd5 25. e4 Rd2 26. Rf2 Rad8 27. Nc1
fxg3 28. hxg3 Qh6 29. Ne2 Qg6 30. Nc1 Rxf2+ 31. Kxf2 Qh6 32. Ne2 Rd2 33. Ke1
Rd7 34. Kf2 Qh2+ 35. Ke3 Qh6+ 36. Kf2 Qh2+ 37. Ke3 Qh6+ 38. Kf2 Qh2+ {#d}
1/2-1/2

[Event "Idaho Closed"]
[Site "Twin Falls, ID"]
[Date "2015.02.14"]
[Round "1.9"]
[White "Pemsler, Carmen"]
[Black "Shouse, Donald L"]
[Result "1-0"]
[WhiteElo "1664"]
[BlackElo "1154"]
[EventRounds "6"]
[EventCountry "USA"]

1. d4 d5 2. c4 dxc4 3. Nf3 Nf6 4. Nc3 e6 5. Bg5 Be7 6. e3 Nbd7 7. Bxc4 Nb6 8.
Bd3 Bd7 9. Qc2 h6 10. Bf4 Bd6 11. Be5 Qe7 12. O-O Bc6 13. Bb5 a6 14. Bxc6+
bxc6 15. Bxf6 Qxf6 16. Ne4 Qe7 17. Qxc6+ Qd7 18. Nxd6+ cxd6 19. Qxb6 O-O 20.
Qb3 Rfb8 21. Qc2 a5 22. Rfc1 Rc8 23. Qe2 Qb7 24. Rc2 Rc6 25. Rac1 Raa6 26.
Rxc6 Rxc6 27. Rxc6 Qxc6 28. Qd2 a4 29. Qc3 Qb5 30. Qc2 Qd7 31. Nd2 d5 32. Nb1
g6 33. Nc3 Qc6 34. Qxa4 Kg7 {#r} 1-0

[Event "Idaho Closed"]
[Site "Twin Falls, ID"]
[Date "2015.02.14"]
[Round "1.12"]
[White "Pemsler, Alise Byer"]
[Black "Douglas, Kurt P"]
[Result "0-1"]
[WhiteElo "595"]
[BlackElo "1645"]
[EventRounds "6"]
[EventCountry "USA"]

1. e4 c5 2. Nc3 d6 3. Bb5+ Bd7 4. Qg4 Nf6 5. Qf5 e6 6. Qh3 Bxb5 7. Nxb5 Nxe4
8. Nf3 a6 9. Nc3 Nxc3 10. dxc3 Nd7 11. O-O Be7 12. Qg3 Nf6 13. Qxg7 Rg8 14.
Qh6 Rg6 15. Qh4 Qd7 16. b4 cxb4 17. Be3 Qc6 18. Ng5 h6 19. Nf3 Qxf3 20. Qh3
Qxh3 21. Bg5 Rxg5 22. f3 Qxg2# 0-1

[Event "Idaho Closed"]
[Site "Twin Falls, ID"]
[Date "2015.02.14"]
[Round "2.12"]
[White "Wray, James"]
[Black "Pemsler, Alise Byer"]
[Result "1-0"]
[WhiteElo "1453"]
[BlackElo "595"]
[EventRounds "6"]
[EventCountry "USA"]

1. d4 d5 2. e3 Nf6 3. Bd3 Nc6 4. c3 e5 5. Nd2 Bd6 6. f3 O-O 7. e4 dxe4 8. Nxe4
Nxe4 9. Bxe4 Be6 10. d5 Be7 11. dxc6 Qxd1+ 12. Kxd1 Rad8+ 13. Kc2 bxc6 14. Be3
Rd7 15. Ne2 Rfd8 16. g4 Bc4 17. Ng3 a5 18. Rhd1 Rd6 19. Nf5 Rd3 20. Bxd3 Bxd3+
21. Rxd3 Rxd3 22. Kxd3 {#r} 1-0

[Event "Idaho Closed"]
[Site "Twin Falls, ID"]
[Date "2015.02.15"]
[Round "3.3"]
[White "Pemsler, Carmen"]
[Black "Parsons, Larry R"]
[Result "1/2-1/2"]
[WhiteElo "1664"]
[BlackElo "2000"]
[EventRounds "6"]
[EventCountry "USA"]

1. d4 Nf6 2. c4 g6 3. Nf3 Bg7 4. Nc3 O-O 5. g3 c5 6. e3 d6 7. Bg2 Bd7 8. O-O
Qc8 9. Re1 Bh3 10. d5 Bxg2 11. Kxg2 Na6 12. e4 Nc7 13. Bf4 Nh5 14. Qd2 Nxf4+
15. Qxf4 e5 16. Qd2 f5 17. a3 f4 18. b4 b6 19. Nb5 Nxb5 20. cxb5 Bh6 21. Qc3
g5 22. bxc5 bxc5 23. Nd2 g4 24. f3 fxg3 25. hxg3 Bxd2 26. Qxd2 gxf3+ 27. Kf2
Qg4 28. Qh6 Rad8 29. Re3 Rd7 30. Rh1 Rg7 31. Qh4 Qd7 32. Rxf3 Rxf3+ 33. Kxf3
Rf7+ 34. Kg2 Qxb5 {#d} 1/2-1/2

[Event "Idaho Closed"]
[Site "Twin Falls, ID"]
[Date "2015.02.15"]
[Round "3.12"]
[White "Pemsler, Alise Byer"]
[Black "Shouse, Donald L"]
[Result "0-1"]
[WhiteElo "595"]
[BlackElo "1154"]
[EventRounds "6"]
[EventCountry "USA"]

1. e4 e5 2. Nc3 Nc6 3. Nf3 Nf6 4. Bc4 h6 5. O-O Bc5 6. d3 O-O 7. Nb5 a6 8. Bd2
axb5 9. Bxb5 Na7 10. Bc4 d5 11. exd5 Nxd5 12. Qe2 Nb6 13. Bb3 Nc6 14. d4 Bxd4
15. Nxd4 Nxd4 16. Qh5 Nxb3 17. cxb3 Qxd2 18. Rad1 Qxb2 19. f4 exf4 20. Rxf4
Be6 21. Rfd4 Qa3 22. Qe5 Qe7 23. R4d3 Rad8 24. Qe4 Rxd3 25. Qxd3 c6 26. Qg3
Rd8 27. Rf1 Qd6 28. Qh4 Qd4+ 29. Kh1 Qxh4 30. g3 Bd5+ {#R} 0-1

[Event "Idaho Closed"]
[Site "Twin Falls, ID"]
[Date "2015.02.15"]
[Round "4.2"]
[White "Machin, Alex James"]
[Black "Pemsler, Carmen"]
[Result "1/2-1/2"]
[WhiteElo "1571"]
[BlackElo "1664"]
[EventRounds "6"]
[EventCountry "USA"]

1. d4 d5 2. Nf3 Nf6 3. e3 Bg4 4. Be2 e6 5. Nbd2 c5 6. O-O Nc6 7. c3 Bd6 8.
dxc5 Bxc5 9. c4 O-O 10. cxd5 Nxd5 11. Ne4 Be7 12. Bd2 h6 13. a3 Qb6 14. b4 a6
15. h3 Bf5 16. Nc3 Rad8 17. Qb3 Bf6 18. Nxd5 Rxd5 19. Bc3 Bxc3 20. Qxc3 Rc8
21. Rac1 Ne7 22. Qb2 Rcd8 23. Nd4 Be4 24. Bf3 Bxf3 25. Nxf3 Nc6 26. Rc4 Qb5
27. Qc2 Rd3 28. Rc5 Qb6 29. Rc3 R3d5 30. Rc1 Qc7 31. Rc5 {#d} 1/2-1/2

[Event "Idaho Closed"]
[Site "Twin Falls, ID"]
[Date "2015.02.16"]
[Round "5.13"]
[White "Nathan, Oliver Eli"]
[Black "Pemsler, Alise Byer"]
[Result "1-0"]
[WhiteElo "481"]
[BlackElo "595"]
[EventRounds "6"]
[EventCountry "USA"]

1. e4 e5 2. Nf3 Nc6 3. Nc3 Nf6 4. Bb5 Nb4 5. O-O Bc5 6. a3 O-O 7. axb4 Bxb4 8.
d3 d5 9. Bg5 Bg4 10. exd5 c6 11. dxc6 Qb6 12. Bxf6 gxf6 13. cxb7 Qxb7 14. Ba6
Qd7 15. Qe2 Qe6 16. Qe4 f5 17. Qxb4 Rab8 18. Bb7 e4 19. dxe4 fxe4 20. Nd4 Qe5
21. Nc6 Qf4 22. Rfe1 Qd2 23. Nxb8 Bd1 24. Rexd1 Qe2 25. Nxe2 Rxb8 26. Qxe4 Kf8
27. c4 Re8 28. Qg4 Rxe2 29. Qc8+ Kg7 30. Bf3 Re6 31. Rd8 Kf6 32. Re8 Re1+ 33.
Raxe1 {#r} 1-0

[Event "SIO (Open)"]
[Site "Twin Falls, ID"]
[Date "2015.11.14"]
[Round "1.1"]
[White "Morrow, Hans M"]
[Black "Pemsler, Carmen"]
[Result "1-0"]
[WhiteElo "1900"]
[BlackElo "1699"]
[EventRounds "4"]
[EventCountry "USA"]

1. d4 d5 2. c4 c6 3. Nf3 Nf6 4. Nc3 e6 5. Bg5 Be7 6. e3 O-O 7. Bd3 Nbd7 8. Qc2
h6 9. Bh4 Qc7 10. O-O Bd6 11. c5 Be7 12. Bg3 Qd8 13. b4 Nb8 14. Ne5 Bd7 15. f4
Na6 16. Rab1 b5 17. a4 Nc7 18. axb5 Nxb5 19. Nxb5 cxb5 20. f5 exf5 21. Bxf5
Bxf5 22. Rxf5 Rc8 23. Rbf1 Qe8 24. Qe2 a6 25. Ra1 Ra8 26. Bh4 Ne4 27. Bxe7
Qxe7 28. Raf1 Nf6 29. g4 Ra7 30. Nc6 Qd7 31. Nxa7 Qxa7 32. g5 hxg5 33. Rxg5
Qe7 34. Re5 Qd8 35. Qg2 Ne4 36. Rxe4 dxe4 37. Qxe4 Qg5+ 38. Kh1 Qh6 39. d5 Qh3
40. Rf3 Qd7 41. Rg3 {#r} 1-0

[Event "SIO (Open)"]
[Site "Twin Falls, ID"]
[Date "2015.11.14"]
[Round "2.5"]
[White "Pemsler, Carmen"]
[Black "Zaklan, David"]
[Result "1-0"]
[WhiteElo "1699"]
[BlackElo "1475"]
[EventRounds "4"]
[EventCountry "USA"]

1. d4 c6 2. c4 d5 3. Nf3 Nf6 4. Nc3 Nbd7 5. Bf4 e6 6. e3 Be7 7. Bd3 dxc4 8.
Bxc4 b5 9. Bd3 O-O 10. O-O Nd5 11. Nxd5 exd5 12. Qc2 Bb7 13. Bxh7+ Kh8 14. Be5
Nxe5 15. Nxe5 Rc8 16. Qf5 g6 17. Nxf7+ Kxh7 18. Qh3+ Kg7 19. Nxd8 Rcxd8 20.
Qe6 Bd6 21. Qg4 Bc8 22. Qd1 Rh8 23. f4 Bf5 24. Rc1 Bd7 25. Qc2 Rhe8 26. Rf3
Bf5 27. Qxc6 Be4 28. Rg3 b4 29. f5 Bxf5 30. Rf3 Be4 31. Rf2 Rh8 32. Qb7+ Kh6
33. Rc6 Kg5 34. Rxd6 Rxd6 35. Qe7+ Kh6 36. Qxd6 a5 37. Rf4 Kg7 38. Qf6+ {#r}
1-0

[Event "SIO (Open)"]
[Site "Twin Falls, ID"]
[Date "2015.11.14"]
[Round "3.4"]
[White "Barney, Kim"]
[Black "Pemsler, Carmen"]
[Result "1/2-1/2"]
[WhiteElo "1640"]
[BlackElo "1699"]
[EventRounds "4"]
[EventCountry "USA"]

1. e4 c6 2. d4 d5 3. e5 Bf5 4. Bd3 Bxd3 5. Qxd3 e6 6. f4 Bb4+ 7. c3 Ba5 8. Nf3
Ne7 9. Nbd2 Bb6 10. Nb3 Nd7 11. Be3 Nf5 12. Bf2 Rc8 13. O-O-O c5 14. dxc5 Nxc5
15. Bxc5 Bxc5 16. Qb5+ Qd7 17. Qxd7+ Kxd7 18. Nxc5+ Rxc5 19. Nd4 Nxd4 20. Rxd4
Rhc8 21. g3 Rc4 22. Rhd1 Rxd4 23. Rxd4 Rc4 24. Rd2 Kc6 25. Kc2 Rc5 {#d}
1/2-1/2

[Event "SIO (Open)"]
[Site "Twin Falls, ID"]
[Date "2015.11.14"]
[Round "4.3"]
[White "Pemsler, Carmen"]
[Black "Amen, Chris"]
[Result "1/2-1/2"]
[WhiteElo "1699"]
[BlackElo "1735"]
[EventRounds "4"]
[EventCountry "USA"]

1. d4 Nf6 2. c4 g6 3. Nc3 Bg7 4. e4 d6 5. Nf3 O-O 6. Be3 e5 7. d5 Ng4 8. Qd2
Nxe3 9. Qxe3 a5 10. Bd3 Na6 11. O-O Nc5 12. Nd2 f5 13. f4 Nxd3 14. Qxd3 Bd7
15. Rac1 c6 16. Kh1 exf4 17. Rxf4 Be5 18. Rff1 Qb6 19. Na4 Qa6 20. Nc3 Rae8
21. Nf3 fxe4 22. Nxe4 cxd5 23. Qxd5+ Be6 24. Qb5 Bxc4 25. Qxa6 Bxa6 26. Rf2
Bd3 27. Nxe5 Bxe4 28. Rxf8+ Rxf8 29. Ng4 h5 30. Ne3 Rf2 31. a3 Rxb2 32. Nc4
Bxg2+ 33. Kg1 Ra2 34. Nxd6 Bc6 35. Rc3 Rg2+ 36. Kf1 Rxh2 37. Rg3 Kg7 38. Nf5+
Kf6 39. Nd4 h4 40. Rc3 Bd5 41. Nf3 Bxf3 42. Rxf3+ {The rest of the game was
not recorded--Jeffrey Roland.} {#d} 1/2-1/2

[Event "Idaho Closed"]
[Site "Twin Falls, ID"]
[Date "2016.02.13"]
[Round "2.4"]
[White "Inman, James"]
[Black "Pemsler, Carmen"]
[Result "1-0"]
[WhiteElo "1762"]
[BlackElo "1693"]
[EventRounds "6"]
[EventCountry "USA"]

1. d4 d5 2. c4 e6 3. Nc3 Bb4 4. cxd5 exd5 5. Nf3 Nc6 6. a3 Ba5 7. Bg5 Bxc3+ 8.
bxc3 Qd6 9. e3 Bf5 10. c4 Nge7 11. Qb3 Be6 12. c5 Qd7 13. Bb5 f6 14. Bf4 O-O
15. O-O Qc8 16. Bd3 Kh8 17. Qc2 Bf5 18. Bxf5 Nxf5 19. Rab1 Nfe7 20. Rfe1 Rd8
21. h3 Rb8 22. Nd2 Qd7 23. Rb2 b6 24. Reb1 Rdc8 25. Rb5 Kg8 26. a4 bxc5 27.
Rxb8 Rxb8 28. Rxb8+ Nxb8 29. Qxc5 Nbc6 30. Nb3 Kh8 31. Qb5 Qc8 32. Nc5 g5 33.
Bg3 f5 34. Qd3 Nb8 35. Be5+ Kg8 36. Bf6 h6 37. Bxe7 Kf7 38. Qb3 Kxe7 39. Qxd5
c6 40. Qe5+ Kf7 41. Qd6 Kg7 42. Ne6+ Kf7 43. Nc5 Kg7 44. Qe7+ Kg6 45. Ne6 Qg8
46. Nf8+ Kh5 47. Qe8+ Kh4 48. g3+ {#r} 1-0

[Event "Idaho Closed"]
[Site "Twin Falls, ID"]
[Date "2016.02.14"]
[Round "4.5"]
[White "Hawkins, Nicholas B"]
[Black "Pemsler, Carmen"]
[Result "1-0"]
[WhiteElo "1749"]
[BlackElo "1693"]
[EventRounds "6"]
[EventCountry "USA"]

1. e4 c6 2. d4 d5 3. Nc3 dxe4 4. Nxe4 Bf5 5. Ng3 Bg6 6. Nf3 Nd7 7. h4 h6 8.
Bd3 Bxd3 9. Qxd3 Qc7 10. Bd2 Ngf6 11. O-O-O e6 12. Rhe1 O-O-O 13. Ne4 Nxe4 14.
Qxe4 Nf6 15. Qe2 Bd6 16. Kb1 Kb8 17. c4 c5 18. Bc3 cxd4 19. Nxd4 a6 20. Nb3
Bc5 21. Be5 Bd6 22. Rxd6 Rxd6 23. c5 Ne8 24. cxd6 Qd8 25. d7+ Nc7 26. Rc1 Qxd7
27. Rxc7 Qxc7 28. Bxc7+ Kxc7 29. Qc4+ {#r} 1-0

[Event "Idaho Closed"]
[Site "Twin Falls, ID"]
[Date "2016.02.15"]
[Round "5.10"]
[White "Pemsler, Carmen"]
[Black "Nathan, Jacob Ari"]
[Result "0-1"]
[WhiteElo "1693"]
[BlackElo "1548"]
[EventRounds "6"]
[EventCountry "USA"]

1. d4 Nf6 2. c4 e6 3. Nc3 Bb4 4. Qc2 c5 5. a3 cxd4 6. axb4 dxc3 7. bxc3 b6 8.
Bg5 O-O 9. e3 Bb7 10. f3 d5 11. cxd5 exd5 12. Bd3 h6 13. Bf4 Nc6 14. Ne2 Re8
15. Kf2 Qe7 16. Nd4 Nxd4 17. exd4 Nh5 18. Bd2 Qh4+ 19. g3 Qf6 20. Qc1 Bc8 21.
Kg2 g5 22. h4 Qd6 23. f4 Qd7 24. f5 Qd6 25. Be1 gxh4 26. Rxh4 Bxf5 27. Bxf5
Re2+ 28. Kh3 Rae8 29. Rxh5 Rxe1 30. Qb2 R8e2 31. Rxe1 Rxb2 32. Re8+ Kg7 33.
Rh4 Rf2 34. Rg4+ Kf6 35. Bb1 Qd7 36. Rh8 Rf1 37. Rxh6+ Ke7 38. Be4 dxe4 39.
Kg2 Qxg4 40. Kxf1 Qd1+ 41. Kf2 Qd2+ {#R} 0-1

[Event "Idaho Closed"]
[Site "Twin Falls, ID"]
[Date "2016.02.15"]
[Round "6.11"]
[White "Shouse, Donald L"]
[Black "Pemsler, Carmen"]
[Result "0-1"]
[WhiteElo "1139"]
[BlackElo "1693"]
[EventRounds "6"]
[EventCountry "USA"]

1. d4 d5 2. Nf3 Nc6 3. Bf4 Nf6 4. Nc3 Bg4 5. h3 Bh5 6. e3 e6 7. Be2 Bb4 8. O-O
Bxc3 9. bxc3 Ne4 10. Qd3 Bg6 11. Rfc1 a6 12. Nh2 Nxf2 13. Qd2 Ne4 14. Qe1 h6
15. c4 dxc4 16. Bxc4 b5 17. Bd3 Rc8 18. Nf3 O-O 19. Bxe4 Bxe4 20. Nd2 Bg6 21.
c3 Re8 22. Nf3 Na5 23. Ne5 Be4 24. Qg3 Qf6 25. Rf1 Bf5 26. Rae1 Nc4 27. e4 Bh7
28. Ng4 Qg6 29. Qh2 f5 30. Ne5 Nxe5 31. Bxe5 Re7 32. Rf4 fxe4 33. Ref1 Kh8 34.
Kh1 Bg8 35. g4 c5 36. h4 cxd4 37. cxd4 e3 38. Re1 Rc2 39. Re2 Rc1+ 40. Kg2 Qd3
41. Kg3 Rc2 42. Rxc2 e2+ 43. Rf3 e1=Q+ 44. Qf2 Qxf2+ 45. Kxf2 Qxc2+ {#R} 0-1